000 00487 a2200157 4500
020 _a 000616613X
040 _aDLC
_bDLC
082 _a823.912
100 _aChristie, Agatha.
245 _aPeril at End House
_cAgatha Christie
260 _aLondon:
_bHarper Collins Publishers,
_c1932.
300 _a222 p. ;
_b19 cm.
500 _aIncludes Index
650 _a1.Poirot, Hercule (Fictitious character) --Fiction.2.Private investigators --England --Fiction.
942 _aSEEC
_cBK
_k
_2ddc
999 _c481840
_d481840